000
00325nam a22001337a 4500
008
181203b xxu||||| |||| 00| 0 eng d
020
_a
9780767400657
041
_a
eng
080
_2
4th
_a
316
100
_a
50
101
_a
SOC
245
_a
Issues in An Introduction to Women's Studies Feminism
_c
Ruth,S
942
_2
udc
_c
BK
999
_c
52725
_d
52725